000 00415nam a22001697a 4500
005 20180612163015.0
008 160526b xxu||||| |||| 00| 0 eng d
020 _a81-8218-017-1
041 _aeng
082 _b5335
_a657
100 _aVasudeva, Sakshi
_91336
245 _aAccounting for Managers
260 _aNew Delhi
_bAcademic Faundation
_c2010
300 _a959
650 _aManagement
_9241
942 _cBK
999 _c1885
_d1884